000
00302nam a2200109Ia 4500
008
190216s9999||||xx |||||||||||||| ||und||
100
_a
Anand J & Sarna D
245
0
_a
Objective Type Physics For All Competative And Academic Exams
260
_b
Bright Careers
650
_a
References
942
_c
REF
999
_c
35538
_d
35538